000 00291nam a22001337a 4500
008 170301b xxu||||| |||| 00| 0 eng d
020 _a9780443066290
041 _aeng
080 _23RD
_a617
100 _a6
101 _aSHK
245 _aCLINICAL ONCOLOGY
_cABELOFF, M.D
942 _2udc
_cBK
999 _c6485
_d6485